| 000 | 01008cam a2200289 a 4500 | ||
|---|---|---|---|
| 001 | 89746 | ||
| 005 | 20230404130052.0 | ||
| 008 | 060106s2005 cu a 000 0 spa | ||
| 010 | _a 2006353833 | ||
| 035 | _a(OCoLC)ocm70047563 | ||
| 040 |
_aDLC _cDLC _dFQG _dVVC _dOCLCG |
||
| 020 | _a9592096228 | ||
| 020 | _a9789592096226 | ||
| 029 | 1 |
_aAU@ _b000040605719 |
|
| 035 | _a(OCoLC)70047563 | ||
| 050 | 1 | 4 |
_a107 PN 1811 _bA681s 2005 |
| 100 | 1 |
_aArenal, Humberto, _d1927- |
|
| 245 | 1 | 0 |
_aSeis dramaturgos ejemplares / _cHumberto Arenal. |
| 246 | 3 | _a6 dramaturgos ejemplares | |
| 260 |
_aEl Vedado, Ciudad de La Habana : _bEdiciones Union, _cc2005. |
||
| 300 |
_a174 p. : _bill. ; _c19 cm. |
||
| 505 | 0 | _aPor siempre Moliere -- La opulenta Avellaneda -- Chekjov [sic] y su teatro -- La esperpentica vida de Don Ramon Maria del Valle-Inclan -- Eugene O'Neill o el teatro -- El teatro a lo Pinera. | |
| 650 | 0 |
_aDrama _xHistory and criticism. |
|
| 942 |
_2lcc _cbk |
||
| 994 |
_aC0 _bDRFGD |
||
| 946 | _aMF | ||
| 999 |
_c10335 _d10335 |
||